00277nam a22001097a 4500020001700000082001200017100003000029245004200059260003500101300000800136650002300144 a81-7214233-1 a230 BAL aBalasundaram, Franklyn J. aContemporary Asian Christian Theology aBangalorebUTC and ISPCKc2009 a217 aTheology-Christian